Destinations out of LAX (Los Angeles Int'l Airport) - Statistics

General Stats
  • This quiz has been taken 104 times
    93 since last reset
  • The average score is 221 of 420
Answer Stats
Airline Destination % Correct
Aeromexico | American Airlines | Delta Airlines* | +2 others Mexico City
89%
Air Canada | American Airlines* | American Eagle* | +3 others Vancouver
89%
Alaska Airlines | Delta Airlines* Anchorage
84%
Aer Lingus Dublin
84%
Alaska Airlines (Oregon) | American Eagle (Oregon) | Delta Airlines (Oregon) | Frontier Airlines (Oregon) Portland
84%
Alaska Airlines | American Eagle | Delta Airlines | +2 others Seattle/Tacoma
84%
American Airlines | Delta Airlines | Frontier Airlines | Spirit Airlines Dallas/Fort Worth
79%
United Express (California) Monterey
79%
Alaska Airlines | Viva* (Mexico) Monterrey
79%
Delta Connection | United Express San Diego
79%
Alaska Airlines (California) | Alaska Airlines (Costa Rica) | Avianca Costa Rica | +5 others San Jose
79%
American Airlines | Delta Airlines | Southwest Airlines | +3 others Austin
74%
United Airlines Cleveland
74%
American Eagle | Delta Airlines | Frontier Airlines | +2 others Denver
74%
WestJet Edmonton
74%
Cathay Pacific | Delta Airlines | United Airlines Hong Kong
74%
American Airlines | Delta Airlines | Hawaiian Airlines | +2 others Honolulu
74%
Alaska Airlines | American Airlines | Delta Airlines | +5 others Las Vegas
74%
American Airlines | Delta Airlines Miami
74%
Delta Airlines | Spirit Airlines | Sun Country Airlines Minneapolis/St. Paul
74%
American Airlines | Delta Airlines | Frontier Airlines | +2 others Orlando
74%
Alaska Airlines | American Airlines | American Eagle | +4 others San Francisco
74%
Delta Airlines Shanghai/Pudong
74%
Alaska Airlines | Allegiant Air | Delta Connection | United Express Boise
68%
American Airlines | Delta Airlines | JetBlue | United Airlines Boston
68%
WestJet Calgary
68%
Alaska Airlines | American Airlines* | Delta Airlines | United Airlines Cancun
68%
American Airlines | Spirit Airlines Charlotte
68%
Delta Airlines Chicago/O-Hare
68%
Delta Airlines | Spirit Airlines Detroit
68%
Aeromexico | Alaska Airlines | Viva | Volaris Guadalajara
68%
LATAM Chile | LATAM Peru Lima
68%
Delta Airlines Memphis
68%
American Airlines | Delta Airlines | Southwest Airlines | Spirit Airlines Nashville
68%
Southwest Airlines Oakland
68%
Allegiant Air* | American Eagle Omaha
68%
Alaska Airlines | American Eagle* | Delta Connection | +2 others Reno/Tahoe
68%
American Eagle* | Delta Airlines | Frontier Airlines | +3 others Salt Lake City
68%
LATAM Chile Santiago de Chile
68%
Alaska Airlines | Allegiant Air | Delta Connection Spokane
68%
American Airlines | Southwest Airlines St. Louis
68%
El Al Tel Aviv
68%
KLM Amsterdam
63%
American Airlines | Delta Airlines | Frontier Airlines | Spirit Airlines Atlanta
63%
Air New Zealand | Air Tahiti Nui | American Airlines* | Delta Airlines* Auckland
63%
Scandinavian (SAS) Copenhagen
63%
Qatar Airways Doha
63%
Condor* | Lufthansa Frankfurt
63%
Finnair Helsinki
63%
Allegiant Air | American Airlines | Delta Airlines | Spirit Airlines Indianapolis
63%
Delta Airlines | Southwest Airlines | Spirit Airlines Kansas City
63%
TAP Air Portugal Lisbon
63%
Iberia Madrid
63%
Lufthansa Munich
63%
Delta Airlines | Southwest Airlines | Spirit Airlines New Orleans
63%
American Eagle | Southwest Airlines Oklahoma City
63%
American Airlines | Frontier Airlines | Spirit Airlines Philadelphia
63%
Breeze Airways | Delta Airlines Raleigh/Durnham
63%
American Eagle | Delta Connection | Frontier Airlines | +2 others Sacramento
63%
Alaska Airlines | American Airlines | Delta Airlines | United Airlines San Jose del Cabo
63%
Singapore Airlines Singapore
63%
United Express (Utah) St. George
63%
Delta Airlines | Qantas | United Airlines Sydney
63%
Delta Airlines | United Airlines Tampa
63%
Delta Connection Tucson
63%
Level Barcelona
58%
American Airlines* | Delta Airlines* | Qantas Brisbane
58%
Jet Suite X (JSX) Cabo San Lucas
58%
Breeze Airways* (South Carolina) Charleston
58%
American Eagle Des Moines
58%
American Eagle | Southwest Airlines El Paso
58%
Delta Airlines | JetBlue Fort Lauderdale
58%
Turkish Airlines Istanbul
58%
Alaska Airlines (Costa Rica) | Delta Airlines* (Costa Rica) | United Airlines* (Costa Rica) Liberia
58%
Delta Airlines | Qantas | United Airlines Melbourne
58%
Alaska Airlines | JetBlue* | Spirit Airlines | United Airlines Newark
58%
Air France | Air Tahiti Nui Papeete
58%
American Eagle | Delta Airlines | Southwest Airlines | Spirit Airlines San Antonio
58%
Avianca El Salvador | United Airlines | Volaris El Salvador San Salvador
58%
United Express Santa Barbara
58%
Allegiant Air | American Eagle Tulsa
58%
LOT Polish Airlines Warsaw
58%
Swiss International Air Lines Zurich
58%
Southwest Airlines | Spirit Airlines | United Airlines Baltimore
53%
Alaska Airlines Eugene
53%
United Express Fresno
53%
American Airlines | Delta Airlines | Hawaiian Airlines | +2 others Lihue
53%
American Airlines Pittsburgh
53%
Alaska Airlines | American Airlines* | Delta Airlines | United Airlines Puerto Vallarta
53%
United Express Redmond/Bend
53%
American Eagle Santa Fe
53%
All Nippon Airways (ANA) | American Airlines | Delta Airlines | +2 others Tokyo-Haneda
53%
All Nippon Airways (ANA) | Japan Airlines (JAL) | Singapore Airlines | Zipair Tokyo Tokyo-Narita
53%
United Airlines Tokyo Narita
53%
WestJet* Winnipeg
53%
Alaska Airlines | Avianca El Salvador | United Airlines | Volaris Costa Rica Guatemala City
47%
Breeze Airways (Florida) Jacksonville
47%
American Airlines | British Airways | United Airlines | Virgin Atlantic London-Heathrow
47%
Philippine Airlines Manila
47%
United Express* Palm Springs
47%
Air France | Air Tahiti Nui | Norse Atlantic Airways* Paris-Charles de Gaulle
47%
Delta Airlines Paris Charles de Gaulle
47%
Allegiant Air Wichita
47%
American Eagle* | Delta Connection | United Express Aspen
42%
Air China | United Airlines Beijing-Capital
42%
Alaska Airlines | United Airlines* Belize City
42%
Allegiant Air Cedar Rapids/Iowa City
42%
Emirates Dubai-International
42%
United Airlines* Fort Myers
42%
Cayman Airways Grand Cayman
42%
China Southern Airlines Guangzhou
42%
Alaska Airlines Ixtapa/Zihuatanejo
42%
Saudia* Jeddah
42%
American Airlines | Delta Airlines | Hawaiian Airlines | +2 others Kahului
42%
Allegiant Air Little Rock
42%
Alaska Airlines | Delta Airlines* Mazatlan
42%
Viva* Merida
42%
American Airlines | Delta Airlines New York - JFK
42%
Frontier Airlines | JetBlue New York-JFK
42%
Breeze Airways Richmond
42%
ITA Airways | Norse Atlantic Airways* Rome-Fiumicino
42%
Air Premia | Asiana Airlines | Korean Air Seoul-Incheon
42%
Air China Shenzhen
42%
Air Canada | Porter Airlines | WestJet* Toronto-Pearson
42%
XiamenAir Xiamen
42%
Norse Atlantic Airways* Athens
37%
American Airlines* | United Express* Eagle/Vail
37%
United Express Eureka
37%
Southwest Airlines Houston-Hobby
37%
Alaska Airlines | American Airlines | Delta Airlines | +2 others Kailua-Kona
37%
Allegiant Air* | American Eagle* Missoula
37%
Air Canada Montreal-Trudeau
37%
United Express* Montrose
37%
Fiji Airways Nadi
37%
French Bee* Paris-Orly
37%
American Airlines | American Eagle* | Delta Connection | +4 others Phoenix-Sky Harbor
37%
Alaska Airlines Redomond/Bend
37%
Austrian Airways* Vienna
37%
United Airlines Washington-Dulles
37%
Allegiant Air* | American Eagle* | Delta Connection* | +2 others Bozeman
32%
JetBlue* Buffalo
32%
Alaska Airlines Everett
32%
Allegiant Air Grand Rapids
32%
American Eagle | Delta Airlines | Frontier Airlines | +2 others Houston-Intercontinental
32%
Volaris Leon/Del Bajio
32%
Breeze Airways* Madison
32%
Allegiant Air McAllen
32%
Alaska Airlines Medford
32%
Volaris Oaxaca
32%
Breeze Airways* Providence
32%
United Express Redding
32%
United Express San Luis Obispo
32%
Allegiant Air Sioux Falls
32%
Alaska Airlines | American Airlines | Delta Airlines Washington-National
32%
Volaris Aguascalientes
26%
Allegiant Air | Delta Airlines Cincinatti
26%
Southwest Airlines Dallas-Love
26%
United Express* Glacier Park/Kalispell
26%
Allegiant Air* Grand Junction
26%
United Express* Hayden/Steamboat Springs
26%
Norse Atlantic Airways London-Gatwick
26%
Breeze Airways* Norfolk
26%
Japan Airlines (JAL) Osaka-Kansai
26%
Volaris Queretaro
26%
Alaska Airlines Santa Rosa
26%
Allegiant Air Springfield/Branson
26%
Delta Connection* | United Express* Sun Valley
26%
China Airlines | EVA Air | Starlux Airlines Taipei-Taoyuan
26%
JetBlue* West Palm Beach
26%
American Airlines Columbus-Glenn
21%
Allegiant Air | American Eagle Fayetteville/Bentonville
21%
Breeze Airways* Greenville/Spartanburg
21%
American Eagle | Delta Connection* | United Airlines* | United Express* Jackson Hole
21%
Alaska Airlines (Mexico) La Paz
21%
Copa Airlines Panama City-Tocumen
21%
Southwest Airlines Chicago-Midway
16%
Breeze Airways* Huntsville
16%
Alaska Airlines Loreto
16%
Aeromexico | Alaska Airlines Manzanillo
16%
Volaris Morelia
16%
LATAM Brasil Sao Paulo–Guarulhos
16%
Volaris Zacatecas
16%
Breeze Airways* Akron/Canton
11%
Sichuan Airlines Chengdu-Tianfu
11%
Southern Airways Express Imperial/El Centro
11%
Alaska Airlines* Kelowna
11%
United Express Prescott
11%
China Eastern Airlines | United Airlines Shanghai-Pudong
11%
Alaska Airlines Tri-Cities
11%
American Eagle | Delta Connection | Southwest Airlines Albequerque
5%
American Airlines | Frontier Airlines | Spirit Airlines | United Airlines Chicago-O'Hare
5%
Delta Connection* Eagle Vail
5%
United Airlines Ho Chi Minh City
5%
Breeze Airways Pitsburgh
5%
American Airlines Raleigh-Durnham
5%
Volaris Tepic
5%
Volaris Uruapan
5%
United Airlines Bangkok–Suvarnabhumi
0%
Allegiant Air Belligham
0%
Viva Mexico City-AIFA
0%
American Eagle | Southwest Airlines Tuscon
0%
No matching quizzes found
Score Distribution
Percent of People with Each Score
Percentile by Number Answered
Your Score History
You have not taken this quiz since the last reset